World Athletics Track Records - Statistics

General Stats
  • This quiz has been taken 875 times
  • The average score is 5 of 13
Answer Stats
Event Time Athlete % Correct
100m 9.58s Usain Bolt
100%
200m 19.19s Usain Bolt
100%
400m 43.18s Michael Johnson
64%
800m 1:41.01 David Rudisha
53%
5000m 12:37.35 Kenenisa Bekele
40%
10,000m 26:17.53 Kenenisa Bekele
40%
1500m 3:26.00 Hicham El Guerrouj
32%
1 mile 3:43.13 Hicham El Guerrouj
32%
2000m 4:44.79 Hicham El Guerrouj
32%
3000m 7:20.67 Daniel Komen
14%
Marathon 2h 3m 38s Patrick Makau Musyoki
5%
10km (road) 26m 44s Leonard Patrick Komon
3%
20km (road) 55m 21s Zersenay Tadese
3%
No matching quizzes found
Score Distribution
Percent of People with Each Score
Percentile by Number Answered
Your Score History
You have not taken this quiz